Normal view
MARC view
- Statesmen's spouses
Entry Topical Term
001 - CONTROL NUMBER
- control field: 5185
003 - CONTROL NUMBER IDENTIFIER
- control field: NUST
005 - DATE AND TIME OF LATEST TRANSACTION
- control field: 20171004110309.0
008 - FIXED-LENGTH DATA ELEMENTS
- fixed length control field: 171004|| aca||aabn | a|a d
040 ## - CATALOGING SOURCE
- Original cataloging agency: NUST
- Transcribing agency: NUST
150 ## - HEADING--TOPICAL TERM
- Topical term or geographic name entry element: Statesmen's spouses
- Geographic subdivision: Pakistan
- Form subdivision: Biography.
670 ## - SOURCE DATA FOUND
- Source citation: Work cat.: (NUST)0: Ḥaidar, K̲h̲vājah Raz̤ī, 1946- 5183, Ruttie Jinnah /, 2010.
